La emergencia de las cuestiones sociocientíficas en el enfoque cisa (Record no. 176682)
[ view plain ]
| 000 -CABECERA | |
|---|---|
| campo de control de longitud fija | 02019nab a2200325 a 4500 |
| 005 - FECHA Y HORA DE LA ÚLTIMA TRANSACCIÓN | |
| campo de control | 20210219162450.0 |
| 008 - ELEMENTOS DE LONGITUD FIJA--INFORMACIÓN GENERAL | |
| campo de control de longitud fija | 991125s1985 mx 000 0 spa u |
| 035 ## - NÚMERO DE CONTROL DEL SISTEMA | |
| Número de control de sistema | UPN01000204581 |
| 049 ## - COLECCIÓN | |
| Colección | ART-E |
| 100 1# - ASIENTO PRINCIPAL--NOMBRE PERSONAL | |
| Nombre de persona | Martínez Pérez, Leonardo Fabio |
| 100 1# - ASIENTO PRINCIPAL--NOMBRE PERSONAL | |
| Filiación | lemartinez@pedagogica.edu.co |
| 100 1# - ASIENTO PRINCIPAL--NOMBRE PERSONAL | |
| Nombre de persona | Parga Lozano, Diana Lineth |
| 100 1# - ASIENTO PRINCIPAL--NOMBRE PERSONAL | |
| Filiación | dparga@pedagogica.edu.co |
| 222 #0 - TÍTULO CLAVE | |
| Título clave | GONDOLA, ENSEÑANZA Y APRENDIZAJE DE LAS CIENCIAS |
| 245 03 - MENCIÓN DE TÍTULO | |
| Título | La emergencia de las cuestiones sociocientíficas en el enfoque cisa |
| 260 ## - PUBLICACIÓN, DISTRIBUCIÓN, ETC. | |
| Lugar de publicación, distribución, etc. | Colombia |
| 300 ## - DESCRIPCIÓN FÍSICA | |
| Extensión | 23-35 |
| 362 0# - FECHAS DE PUBLICACIÓN Y/O DESIGNACIÓN SECUENCIAL | |
| Fecha de publicación y/o designación secuencial | 2013 Vol. 8, no. 1, ago. |
| 336 ## - TIPO DE CONTENIDO | |
| Término de tipo de contenido | texto$2rdacontent |
| 337 ## - TIPO DE MEDIO | |
| Nombre/término del tipo de medio | computadora$2rdamedia |
| 338 ## - TIPO DE SOPORTE | |
| Nombre/término del tipo de soporte | recurso en linea$2rdacarrier |
| 520 3# - NOTA DE RESUMEN, ETC. | |
| Sumario, etc. | El presente artículo tiene como objetivo analizar la emergencia de las cuestiones sociocientíficas (CSC) en la Enseñanza de las Ciencias con enfoque Ciencia, Tecnología, Sociedad y Ambiente (CTSA). Para dicho análisis se revisa la literatura producida en revistas de Enseñanza de las Ciencias de trayectoria internacional, en donde se pudo evidenciar que el trabajo con CSC emerge en los primeros años del siglo XXI. Además este levantamiento posibilitó una mejor caracterización de los aspectos centrales de las CSC, así como los aportes teóricos de dicho trabajo en el mejoramiento de la Enseñanza de las Ciencias. Cabe precisar que los análisis realizados constituyen parte de los resultados del proyecto de investigación titulado “cuestiones sociocientíficas en la formación de profesores: discursos y enseñanza”, realizado con la financiación del Centro de Investigaciones de la Universidad Pedagógica Nacional (CIUP), proyecto DQU-338-12. |
| 653 0# - TERMINO DE INDIZACION - NO CONTROLADO | |
| Término no controlado | ENSEÑANZA DE LAS CIENCIAS |
| 653 0# - TERMINO DE INDIZACION - NO CONTROLADO | |
| Término no controlado | FORMACION DOCENTE |
| 653 0# - TERMINO DE INDIZACION - NO CONTROLADO | |
| Término no controlado | INVESTIGACION EDUCATIVA |
| 653 0# - TERMINO DE INDIZACION - NO CONTROLADO | |
| Término no controlado | PRODUCCION CIENTIFICA |
| 856 4# - LOCALIZACIÓN Y ACCESO ELECTRÓNICOS | |
| Identificador Uniforme del Recurso | <a href="http://comunidad.udistrital.edu.co/geaf/files/2013/08/2013Vol8No1-003.pdf">http://comunidad.udistrital.edu.co/geaf/files/2013/08/2013Vol8No1-003.pdf</a> |
| 905 ## - TIPO DE MATERIAL | |
| Tipo de material | Articulo |
No items available.
